Fifty modern thinkers on education : from Piaget to the present day

Saved in:
Bibliographic Details
Other Authors Palmer, Joy A. (Editor), Cooper, David E. 1942- (Editor), Bresler, Liora, 1953- (Editor)
Format Book
LanguageEnglish
Published London : Routledge, 2001
Edition1st pub.
SeriesRoutledge key guides
Subjects
ISBN0-415-22409-8 978-0-415-22409-3
0-415-22408-X 978-0-415-22408-6
Physical Descriptionxv, 290 s. ; 23 cm

Cover

LEADER 00000cam a2200000 a 4500
001 115554
003 CZ ZlUTB
005 20260428130911.0
007 ta
008 080708s2001 xxk e 000 0deng
020 |a 0-415-22409-8  |q (brož.)  |z 978-0-415-22409-3 
020 |a 0-415-22408-X  |z 978-0-415-22408-6 
040 |a DLC  |b cze  |c DLC  |d UKM  |d C#P  |d GZI  |d WSL  |d JYJ  |d ABA001  |d ZLD002 
045 |a w8y0 
072 7 |a 37  |x Výchova a vzdělávání  |2 Konspekt  |9 22 
080 |a 37.01(091)  |2 MRF 
080 |a 37.013.73  |2 MRF 
080 |a 37.011.3-051  |2 MRF 
080 |a (0:82-94)  |2 MRF 
080 |a (035)  |2 MRF 
245 0 0 |a Fifty modern thinkers on education :  |b from Piaget to the present day /  |c edited by Joy A. Palmer ; advisory editors, Liora Bresler and David E. Cooper 
250 |a 1st pub. 
260 |a London :  |b Routledge,  |c 2001 
300 |a xv, 290 s. ;  |c 23 cm 
490 1 |a Routledge key guides 
504 |a Obsahuje bibliografii 
648 4 |a 1883-2000 
650 0 7 |a dějiny pedagogiky  |7 ph198686  |y 20. století  |2 czenas 
650 0 7 |a filozofie výchovy  |7 ph120230  |y 20. století  |2 czenas 
650 0 7 |a pedagogové  |7 ph137912  |y 19.-21. století  |2 czenas 
650 0 9 |a history of educational science  |y 20th century  |2 eczenas 
650 0 9 |a philosophy of education  |y 20th century  |2 eczenas 
650 0 9 |a educationalists  |y 19th-21st centuries  |2 eczenas 
655 7 |a portréty  |7 fd133099  |2 czenas 
655 7 |a příručky  |7 fd133209  |2 czenas 
655 9 |a portraits  |2 eczenas 
655 9 |a handbooks and manuals  |2 eczenas 
700 1 |a Palmer, Joy A.  |4 edt 
700 1 |a Cooper, David E.  |q (David Edward),  |d 1942-  |7 jx20080709002  |4 edt 
700 1 |a Bresler, Liora,  |d 1953-  |7 utb2018979774  |4 edt 
830 0 |a Routledge key guides 
910 |a ZLD002 
942 |2 udc 
952 |0 0  |1 0  |4 0  |5 0  |6 37FIFTY  |7 0  |8 BOOK  |9 190912  |a UTBZL  |b UTBZL  |c 005  |d 2026-04-28  |l 0  |o 37/FIFTY  |p 420010201986  |r 2026-04-28 13:09:55  |v 522.00  |w 2026-04-28  |x N:nákup  |y 01 
992 |b SKNEW 
999 |c 115554  |d 115554